00676nam a22001817a 450000500170000002000180001703700080003510000240004324500580006726000310012527000980015630000280025449000740028270000230035694200170037999900170039695200810041320120105101156.0 a9788128624070 bPUB aLarry, H.I. 938281 aHigh risk /cby H.I. Larry; illustrated by Andy Hook  aMumbai bEuro Books c2010 aDani Corporat e Park, First Floor, 158, Vidyanagari Marg, Kalina, SantacruzbMumbaie400098 a91p. bill.c20cm(pbk)  aZac power:v24 hours to save the world...and visit his granny 938282 a Hook, Andy938280 2ddccCHmLAR c60321d60321 0010407-1aAGbAGd2012-01-05l0oLARr2012-01-05 00:00:00w2012-01-05yCH